There's no place like the real world (Record no. 75045)

MARC details
000 -LEADER
fixed length control field 01225cab a2200181 4500
001 - CONTROL NUMBER
control field L129281
008 - FIXED-LENGTH DATA ELEMENTS--GENERAL INFORMATION
fixed length control field 050407n2005 000 0 eng u
035 ## - SYSTEM CONTROL NUMBER
System control number (Sirsi) u129281
041 ## - LANGUAGE CODE
Language code of text/sound track or separate title eng
100 ## - MAIN ENTRY--PERSONAL NAME
Personal name Barnes, Yolande
245 ## - TITLE STATEMENT
Title There's no place like the real world
260 ## - PUBLICATION, DISTRIBUTION, ETC.
Date of publication, distribution, etc. 2005
490 ## - SERIES STATEMENT
Series statement Estates Gazette
Volume/sequential designation (0513) 2 April 2005, 60-61(2)
520 ## - SUMMARY, ETC.
Summary, etc. Looks at a method using GIS developed by the FDPSavills research department for utilising land in a sustainable way in all situation and locations, demonstrating that the government sustainable communities plan to deliver high-quality housing in desirable neighbourhoods can be profitable as well as principled. The approach informs the masterplanning process by assessing what can be built viably on a site. Reports on Savillstown, one of a number of client studies that measure the full, mixed-use potential of sites. Concludes that carefully planned bespoke mixed-use in its broadest sense is the key to delivering higher returns as well as sustainable communities and that real places are more valuable than artificial developments.
590 ## - LOCAL NOTE (RLIN)
Local note IKA150405
690 ## - LOCAL SUBJECT ADDED ENTRY--TOPICAL TERM (OCLC, RLIN)
Topical term or geographic name as entry element PROPERTY-PROPERTY DEVELOPMENT-SUSTAINABLE PROPERTY DEVELOPMENT
942 ## - ADDED ENTRY ELEMENTS (KOHA)
Suppress in OPAC 0
Holdings
Withdrawn status Lost status Source of classification or shelving scheme Damaged status Not for loan Home library Current library Shelving location Date acquired Total Checkouts Full call number Barcode Date last seen Copy number Price effective from Koha item type
    Dewey Decimal Classification     London London Journal article 07/04/2005   L129281 129281-1001 06/08/2019 1 06/08/2019 Journal article